000
00291nam a22001337a 4500
020
_a
978-1-905224-62-3
041
_a
ENG
100
_a
Fernandes R
245
_a
Dairy Products
260
_a
Uk
_b
Royal Society Of Chemistry
_c
2009
300
_a
173
650
_a
APE
856
_u
APE ( 03 )
999
_c
1689
_d
1689